MARC details
| 000 -LÍDER |
| campo de controle de tamanho fixo |
02518nam a2200337 4500 |
| 001 - NÚMERO DE CONTROLE |
| campo de controle |
51 |
| 003 - IDENTIFICADOR DO NÚMERO DE CONTROLE |
| campo de controle |
OSt |
| 005 - DATA E HORÁRIO DA ÚLTIMA TRANSAÇÃO |
| campo de controle |
20250528074010.0 |
| 008 - CAMPO DE DADOS FIXOS--INFORMAÇÃO GERAL |
| campo de controle de tamanho fixo |
250122b |||||||e |||| 00| 1 eng d |
| 040 ## - FONTE DA CATALOGAÇÃO |
| Idioma da catalogação |
por |
| 041 ## - CÓDIGO DE IDIOMA |
| Código do idioma do original e/ou traduções intermediárias do texto |
spa |
| Código do idioma do texto/trilha sonora ou título diferente |
por |
| 082 ## - CDD - CLASSIFICAÇÃO DECIMAL DE DEWEY |
| Número de Classificação |
863 |
| Número do exemplar |
B467c |
| 100 1# - ENTRADA PRINCIPAL--NOME PESSOAL |
| Nome pessoal |
Benítez, J. J., |
| Datas associadas ao nome |
1946- |
| 9 (RLIN) |
143 |
| 240 ## - TÍTULO UNIFORME |
| Título uniforme |
Caballo de Troya 2 |
| 245 ## - TÍTULO |
| Título |
Operação Cavalo de Troia: |
| Restante do título |
Segunda Viagem / |
| Indicação de responsabilidade, etc. |
Benitez, J. J. ; Tradução de Herminio Tricca |
| 260 ## - PUBLICAÇÃO, DISTRIBUIÇÃO, ETC. |
| Local de publicação, distribuição, etc. |
São Paulo |
| Nome do editor, distribuidor, etc. |
Mercuryo |
| Data da publicação, distribuição, etc. |
1988 |
| 300 ## - DESCRIÇÃO FÍSICA |
| Extensão |
493 p. |
| 490 1# - TÍTULO DA SÉRIE |
| Título da série |
Cavalo de Troia |
| Número do volume ou designação sequencial da série |
vol. 02 |
| 500 ## - NOTA GERAL |
| Nota geral |
Cavalo de Troia Massada |
| 520 ## - NOTA DE RESUMO, ETC. |
| Resumo, etc. |
J.J. Benítez publica a segunda parte do famoso diário de Jasão, o major norte-americano que viajou no tempo de volta à época de Jesus de Nazaré. Se em Cavalo de Troia 1 Jerusalém, armava-se que os evangelistas não haviam contado a verdade sobre o Nazareno, nesta nova obra isso volta a ser revelado. E J. J. Benítez faz isso em mais dois obscuros e fascinantes capítulos da vida de Jesus: suas aparições depois de morto e sua infância. Conheça como foi preparada essa segunda viagem à Palestina do ano 30. Saiba também algo que o mundo ignorou: o diabólico plano russo-norte-americano Rapto de Europa. Quanto às descobertas de Jasão nessa segunda exploração, eis aqui algumas reveladas em Cavalo de Troia 2 Massada: você sabia, por exemplo, que na chamada 'última ceia' muitas das palavras do Galileu foram manipuladas e ignoradas pelos sucessores de São Pedro? Sabia que as aparições do Mestre depois de sua ressurreição foram mais numerosas que as relatadas pelos Evangelhos? Imaginava que Maria, a mãe do Filho do Homem, teria sido qual cada hoje como 'nacionalista'? E a quantidade de informações de Cavalo de Troia 2 Massada vai emocioná-lo ou irritá-lo, mas não o deixará indiferente. 'Esse Jesus da série Cavalo de Troia, muito mais humano, próximo e, ao mesmo tempo, Deus, impressionou-me. Era oque eu necessitava e buscava há muito tempo (...). Ler Cavalo de Troia é conseguir um passaporte para a certeza. Cavalo de Troia tem a virtude de não deixar ninguém indiferente e de mexer com o mais íntimo de cada ser humano.' |
| 650 #0 - ASSUNTO--TERMO TÓPICO |
| Cabeçalho tópico ou nome geográfico |
Literatura espanhola |
| 9 (RLIN) |
144 |
| 650 #0 - ASSUNTO--TERMO TÓPICO |
| Cabeçalho tópico ou nome geográfico |
Ficção Científica |
| 9 (RLIN) |
63 |
| 650 #0 - ASSUNTO--TERMO TÓPICO |
| Cabeçalho tópico ou nome geográfico |
Viagem no tempo |
| 9 (RLIN) |
145 |
| 650 #0 - ASSUNTO--TERMO TÓPICO |
| Cabeçalho tópico ou nome geográfico |
Ação |
| 9 (RLIN) |
64 |
| 650 #0 - ASSUNTO--TERMO TÓPICO |
| Cabeçalho tópico ou nome geográfico |
Religião |
| 9 (RLIN) |
100 |
| 655 #0 - TERMO DE ÍNDICE--GÊNERO E FORMA |
| Gênero/forma/ou termo foco |
Romance |
| 655 #0 - TERMO DE ÍNDICE--GÊNERO E FORMA |
| Gênero/forma/ou termo foco |
Ficção |
| 700 ## - ENTRADA ADICIONADA - NOME PESSOAL |
| Nome pessoal |
Herminio Tricca |
| Função do autor por extenso |
Tradutor |
| 9 (RLIN) |
146 |
| 830 ## - ENTRADA SECUNDÁRIA DE SÉRIE--TÍTULO UNIFORME |
| Título uniforme |
Cavalo de Troia |
| Número do volume ou designação sequencial da série |
vol. 02 |
| 9 (RLIN) |
147 |
| 942 ## - ELEMENTOS DE ENTRADA ADICIONADOS (KOHA) |
| Fonte de classificação ou esquema de arquivamento |
Classificação decimal de Dewey |
| Ocultar no OPAC |
Não |
| Tipo de material Koha |
Livros |